000 01029nam a22003371i 4500
999 _c2073
_d2073
001 020515044
003 UkOxU
005 20230303140832.0
008 151014s2016 enka j 001|0|eng|d
015 _aGBB5H4758
_2bnb
016 7 _a017653031
_2Uk
020 _a9781407163833 (pbk.) :
035 _a(Uk)017653031
040 _aStDuBDS
_beng
_erda
_cStDuBDS
_dUk
_dKH8
042 _aukblsr
082 0 4 _a938 DEA
_223
100 1 _aDeary, Terry,
_eauthor.
245 1 0 _aGroovy Greeks /
_cTerry Deary ; illustrated by Martin Brown.
264 1 _aLondon :
_bScholastic,
_c2016.
300 _a1 volume :
_billustrations (black and white) ;
_c20 cm.
336 _atext
_2rdacontent
336 _astill image
_2rdacontent
337 _aunmediated
_2rdamedia
338 _avolume
_2rdacarrier
490 0 _aHorrible histories
500 _aIncludes index.
500 _aFormerly CIP.
_5Uk
651 0 _aGreece
_xHistory
_yTo 146 B.C.
_vJuvenile literature.
700 1 0 _aBrown, Martin,
_d1959-
_eillustrator.
942 _2ddc
_cNFIC